| 000 | 00747cab a2200253 4500 | ||
|---|---|---|---|
| 001 | WB3312-18 | ||
| 008 | 090401t1997 xxu||||| |||| 00| 0 eng d | ||
| 035 | _a(Sirsi) u77247 | ||
| 041 | _aeng | ||
| 245 | _aPFI safeguard | ||
| 260 | _c1997 | ||
| 350 | _a0 | ||
| 490 |
_aFinancial Times _v19 March 1997, 10(1) |
||
| 520 | _aLabour has pledged to ensure that private finance deals for NHS hospitals which are close to completion will go ahead if they win the election. | ||
| 650 | _aGENERAL ELECTION | ||
| 650 | _aHEALTH SECTOR | ||
| 650 | _aHOSPITALS | ||
| 650 | _aLABOUR PARTY | ||
| 650 | _aPFI | ||
| 650 | _aPRIVATE FINANCE INITIATIVE | ||
| 690 | _aPROPERTY-PROPERTY FINANCE AND INVESTMENT | ||
| 942 | _n0 | ||
| 948 | _c20/03/1997 | ||
| 999 |
_c48563 _d48563 |
||